Dua Lipa - Chansons commençants par B - Statistiques

Statistiques générales
  • Ce quiz a été pris 12 fois
  • Le résultat moyen est 3 sur 6
Statistiques - réponses
B % Correct
Be the One
100%
Blow Your Mind (Mwah)
63%
Break My Heart
63%
Begging
13%
Boys Will Be Boys
13%
Bad Together
0%
Aucun quiz correspondant
Distribution des résultats
% des personnes avec chaque résultat
Percentile par nombre de réponses
Votre historique - résultats
Vous n’avez pas pris ce quiz